Buddhist economics : A middle way for the market place
In this small volume, Venerable Dhammapitaka (P. A. Payutto) offers a Buddhist perspective on the subject of economics. While not seeking to present a comprehensive Buddhist economic theory, he provides many tools for reflection, ways of looking at economic questions based on a considered appreciati...
সংরক্ষণ করুন:
| প্রধান লেখক: | |
|---|---|
| বিন্যাস: | গ্রন্থ |
| ভাষা: | Undetermined |
| প্রকাশিত: |
Bangkok
Buddhadhamma Foundation
1998
|
| বিষয়গুলি: | |
| ট্যাগগুলো: |
ট্যাগ যুক্ত করুন
কোনো ট্যাগ নেই, প্রথমজন হিসাবে ট্যাগ করুন!
|
| Thư viện lưu trữ: | Trung tâm Học liệu Trường Đại học Cần Thơ |
|---|
| LEADER | 01297nam a2200217Ia 4500 | ||
|---|---|---|---|
| 001 | CTU_228635 | ||
| 008 | 210402s9999 xx 000 0 und d | ||
| 082 | |a 294.3 | ||
| 082 | |b P347 | ||
| 100 | |a Payutto, P. A. | ||
| 245 | 0 | |a Buddhist economics : | |
| 245 | 2 | |b A middle way for the market place | |
| 245 | 0 | |c P. A. Payutto ; Translated by Dhammavijaya, Bruce Evans | |
| 260 | |a Bangkok | ||
| 260 | |b Buddhadhamma Foundation | ||
| 260 | |c 1998 | ||
| 520 | |a In this small volume, Venerable Dhammapitaka (P. A. Payutto) offers a Buddhist perspective on the subject of economics. While not seeking to present a comprehensive Buddhist economic theory, he provides many tools for reflection, ways of looking at economic questions based on a considered appreciation of the way things are, the way we are. I hope that making this work available in English may go at least a short way towards resolving what has been called the current 'impasse of economics,' and to awaken readers to the wide-reaching contemporary relevance of the timeless truths that the Buddha discovered and shared with us. | ||
| 650 | |a Kinh tế,Economics | ||
| 650 | |x Khía cạnh tôn giáo,Phật giáo,Religious aspects,Buddhism | ||
| 910 | |b dqhieu | ||
| 980 | |a Trung tâm Học liệu Trường Đại học Cần Thơ | ||